[Event "Gabriel_HD"]
[Site "http://www.queenalice.com/game.php?id=1231399"]
[Date "2013.11.10"]
[Round "2"]
[White "ernesto_che"]
[Black "UKopra"]
[Result "1/2-1/2"]
[WhiteElo "2044"]
[BlackElo "1795"]

1. e4 c5 2. Nf3 d6 3. Nc3 Nf6 4. d4 cxd4 5. Nxd4 a6 6. Bc4 e6 7. Qf3 Be7 8. O-O
O-O 9. b4 Qc7 10. Bb3 Nc6 11. Nce2 Nxb4 12. Bb2 e5 13. Nf5 Bxf5 14. Qxf5 Qc6 15.
Nc3 a5 16. a3 Na6 17. Rad1 Qb6 18. Bc1 Rac8 19. Be3 Qc6 20. Nd5 Nxd5 21. Bxd5
Qc7 22. Rb1 Rb8 23. c4 Nc5 24. Rb5 b6 25. Rfb1 g6 26. Qf3 1/2-1/2

[Event "Challenge nº 05"]
[Site "http://www.queenalice.com/game.php?id=1232811"]
[Date "2013.11.16"]
[Round "-"]
[White "Lintz"]
[Black "UKopra"]
[Result "1-0"]
[WhiteElo "1775"]
[BlackElo "1813"]

1. e4 c5 2. Nf3 d6 3. Bc4 Nf6 4. Nc3 e6 5. b3 Be7 6. d4 cxd4 7. Nxd4 a6 8. a4
O-O 9. Bb2 d5 10. exd5 exd5 11. Be2 Bb4 12. O-O b6 13. Bf3 Bb7 14. Na2 Be7 15.
c4 Qd7 16. cxd5 Bxd5 17. Bxd5 Qxd5 18. Re1 Re8 19. Qf3 Nc6 20. Qxd5 Nxd5 21.
Nxc6 Rac8 22. Nxe7+ Nxe7 23. Rac1 Rb8 24. Rc7 Kf8 25. Ba3 1-0

[Event "Challenge nº 06 "]
[Site "http://www.queenalice.com/game.php?id=1232820"]
[Date "2013.11.16"]
[Round "-"]
[White "UKopra"]
[Black "Lintz"]
[Result "0-1"]
[WhiteElo "1805"]
[BlackElo "1851"]

1. d4 d5 2. c4 e6 3. Nc3 Nf6 4. cxd5 exd5 5. Bg5 Be7 6. e3 c6 7. Bd3 Nbd7 8. Qc2
h6 9. Bh4 Ng4 10. Bg3 Ngf6 11. Nf3 a6 12. Rb1 b6 13. b4 c5 14. dxc5 bxc5 15. a3
cxb4 16. axb4 Qb6 17. O-O Bxb4 18. Qb3 a5 19. Nxd5 Nxd5 20. Qxd5 Bb7 21. Qf5
Bxf3 22. Qxf3 O-O 23. Qg4 Nf6 24. Qd4 Qe6 25. Rfc1 Rfc8 26. Qf4 Nh5 27. Qe5 Nxg3
28. Qxg3 Rxc1+ 29. Rxc1 Rd8 30. Bb5 a4 31. e4 a3 32. Qe3 Bd2 33. Qxa3 Bxc1 34.
Qxc1 Qxe4 35. f3 Qb4 36. Bc6 Rc8 37. Qc2 Qb6+ 0-1

[Event "Astor Piazzolla"]
[Site "http://www.queenalice.com/game.php?id=1234299"]
[Date "2013.11.22"]
[Round "2"]
[White "elrey"]
[Black "UKopra"]
[Result "1-0"]
[WhiteElo "2292"]
[BlackElo "1802"]

1. d4 Nf6 2. c4 e6 3. Nc3 Bb4 4. f3 d5 5. a3 Bxc3+ 6. bxc3 O-O 7. e3 c5 8. cxd5
exd5 9. Bd3 b6 10. Ne2 Ba6 11. O-O Re8 12. Ra2 Qc8 13. Bb1 Nc6 14. Rf2 Bc4 15.
Rb2 Qa6 16. a4 Rad8 17. Nf4 cxd4 18. cxd4 Nd7 19. h4 Nf8 20. h5 h6 21. Qc2 Qa5
22. Bd2 Qa6 23. Kh2 Ne7 24. Kg1 g6 25. hxg6 Nexg6 26. Nh5 Nd7 27. e4 Re6 28. e5
Kh7 29. Nf4 Rc6 30. Qf5 Kg8 31. e6 fxe6 32. Qxg6+ Kf8 33. Nxe6+ Rxe6 34. Qxe6
Kg7 35. Bxh6+ Kh8 36. Qe7 1-0

[Event "Challenge nº 07"]
[Site "http://www.queenalice.com/game.php?id=1236224"]
[Date "2013.11.28"]
[Round "-"]
[White "Lintz"]
[Black "UKopra"]
[Result "0-1"]
[WhiteElo "1896"]
[BlackElo "1785"]

1. e4 c5 2. Nc3 Nc6 3. Nf3 d6 4. d4 cxd4 5. Nxd4 a6 6. Be3 Nf6 7. Bc4 e6 8. a4
Be7 9. O-O O-O 10. Nf3 Qc7 11. Bb3 Na5 12. Ba2 Nc4 13. Bxc4 Qxc4 14. Nd2 Qc6 15.
f3 b6 16. b3 Qxc3 0-1

[Event "Challenge nº 08"]
[Site "http://www.queenalice.com/game.php?id=1236225"]
[Date "2013.11.28"]
[Round "-"]
[White "UKopra"]
[Black "Lintz"]
[Result "1-0"]
[WhiteElo "1805"]
[BlackElo "1866"]

1. d4 c6 2. c4 d5 3. Nf3 e6 4. e3 Nf6 5. Nc3 Be7 6. Bd3 a6 7. O-O Nbd7 8. b3 c5
9. Bb2 O-O 10. cxd5 exd5 11. Ne5 b5 12. Qf3 Bb7 13. Qh3 h6 14. f4 Bc8 15. f5 Nh7
16. Qf3 Nxe5 17. dxe5 f6 18. Nxd5 fxe5 19. Nxe7+ Qxe7 20. Qxa8 Bxf5 21. Qd5+ 1-0

[Event "Gabriel_HD"]
[Site "http://www.queenalice.com/game.php?id=1240491"]
[Date "2013.12.16"]
[Round "3"]
[White "UKopra"]
[Black "Derik_vd_Heever"]
[Result "1-0"]
[WhiteElo "1814"]
[BlackElo "1395"]

1. d4 e6 2. c4 Nf6 3. Nc3 Bb4 4. e3 Ne4 5. Qc2 Nd6 6. Bd3 Qg5 7. g3 Nc6 8. e4
Qh5 9. Be3 e5 10. dxe5 Nxe5 11. Be2 Qg6 12. f4 Nexc4 13. Bxc4 O-O 14. Bd3 b6 15.
e5 Qe6 16. Bxh7+ Kh8 17. Be4 Nc4 18. Bf2 Qg4 19. h3 Qe6 20. Bxa8 Ba6 21. Bf3 Re8
22. O-O-O Na5 23. Bd5 Qe7 24. Nf3 c6 25. Be4 Nc4 26. Bd3 b5 27. Bxc4 bxc4 28. a3
Ba5 29. Bxa7 Qc5 30. Bxc5 Re6 31. Rxd7 f5 32. Qxf5 Bc8 33. Qxe6 Bxd7 34. Qxd7
1-0

[Event "Challenge"]
[Site "http://www.queenalice.com/game.php?id=1244275"]
[Date "2013.12.31"]
[Round "-"]
[White "mariuszhagel"]
[Black "UKopra"]
[Result "1-0"]
[WhiteElo "1538"]
[BlackElo "1800"]

1. e4 c5 2. Nf3 d6 3. d4 cxd4 4. Nxd4 Nf6 5. Nc3 a6 6. Be3 e6 7. f3 b5 8. Qd2
Nbd7 9. O-O-O Bb7 10. g4 Nb6 11. h4 Rc8 12. Qf2 Nfd7 13. Nb3 Rxc3 14. bxc3 Qc7
15. Qd2 d5 16. Bd3 Ne5 17. Bxb6 Qxb6 18. Rhf1 Ba3+ 19. Kb1 O-O 20. exd5 Bxd5 21.
Be4 Bc4 22. Rg1 f5 23. gxf5 exf5 24. Bd5+ Kh8 25. Qg5 g6 26. f4 Bxd5 27. fxe5
Qc6 28. Qe3 a5 29. Nxa5 Bc5 30. Nxc6 Bxe3 31. Rxd5 Bxg1 32. e6 Bf2 33. e7 Rc8
34. Rd8+ 1-0

[Event "Challenge"]
[Site "http://www.queenalice.com/game.php?id=1245773"]
[Date "2014.1.6"]
[Round "-"]
[White "UKopra"]
[Black "Kingkila"]
[Result "1/2-1/2"]
[WhiteElo "1816"]
[BlackElo "1908"]

1. d4 d5 2. c4 dxc4 3. Nf3 e6 4. e3 b5 5. a4 c6 6. axb5 cxb5 7. b3 Qc7 8. bxc4
bxc4 9. Qa4+ Bd7 10. Qxc4 Qb7 11. Bd2 a6 12. Nc3 Bb4 13. Bd3 Bxc3 14. Qxc3 Nf6
15. O-O Nd5 16. Qc5 Qc6 17. e4 Qxc5 18. dxc5 Ne7 19. e5 O-O 20. Be3 Bc6 21. Nd4
Nd7 22. Nxc6 Nxc6 23. Be4 Rfc8 24. f4 f6 25. Rfd1 Ra7 26. Rd6 Nb4 27. c6 Nxe5
28. Bxa7 Nexc6 29. Bxc6 Nxc6 30. Rxa6 Nb4 31. Ra5 Kf7 32. Bc5 Nd5 33. Rd7+ Kg6
34. g3 h5 35. h3 Nc3 36. Kf2 Ne4+ 37. Kf3 Nxc5 38. Rxc5 Rxc5 39. Re7 Rc6 40. g4
hxg4+ 41. Kxg4 f5+ 42. Kg3 Kf6 43. Rb7 g6 44. Rb3 e5 45. fxe5+ Kxe5 46. h4 Rc4
47. Re3+ Kf6 48. Rf3 Ke5 49. Re3+ Kf6 50. Rf3 Rg4+ 51. Kh3 Rg1 52. Kh2 Rg4 53.
Kh3 Ke5 54. Ra3 g5 55. hxg5 Rxg5 56. Ra5+ Ke4 57. Ra4+ Ke5 58. Ra5+ Ke4 59. Ra4+
Kf3 60. Ra3+ Ke4 61. Ra4+ Kf3 62. Ra3+ Kf4 63. Ra4+ Ke5 64. Ra5+ Kf6 65. Ra6+
Kg7 66. Kh4 Rg1 67. Ra7+ Kf6 68. Ra6+ Ke5 69. Ra5+ Kf4 70. Ra4+ Kf3 71. Ra3+ Ke2
72. Ra2+ Ke3 73. Ra3+ Kf2 74. Ra2+ Kf3 75. Ra3+ Kg2 76. Rg3+ 1/2-1/2

[Event "Gabriel_HD"]
[Site "http://www.queenalice.com/game.php?id=1260339"]
[Date "2014.2.27"]
[Round "4"]
[White "chessman"]
[Black "UKopra"]
[Result "1-0"]
[WhiteElo "1960"]
[BlackElo "1835"]

1. e4 c5 2. Nf3 d6 3. Bb5+ Bd7 4. Bxd7+ Qxd7 5. O-O Nc6 6. c3 Nf6 7. Re1 e6 8.
d4 cxd4 9. cxd4 d5 10. e5 Ne4 11. Nc3 Nxc3 12. bxc3 Be7 13. Qd3 Na5 14. Nd2 Rc8
15. f4 Qa4 16. g4 Bh4 17. Rf1 Nc4 18. Nxc4 Qxc4 19. Qxc4 Rxc4 20. Bd2 f6 21.
Rab1 b6 22. Rb4 Rxb4 23. cxb4 O-O 24. Rc1 fxe5 25. fxe5 h6 26. Rc7 Rf7 27. Rc8+
Kh7 28. Re8 Be7 29. a3 g6 30. Kg2 Kg7 31. Kg3 Bg5 32. Bxg5 hxg5 33. Rxe6 Rb7 34.
Rd6 Rc7 35. Rxd5 Rc3+ 36. Kg2 Rxa3 37. Rd7+ Kf8 38. d5 a5 39. bxa5 Rxa5 40. e6
Ke8 41. d6 Re5 42. Re7+ Kd8 43. Kf3 b5 44. Rb7 Rxe6 45. Rxb5 Rxd6 46. Rxg5 Rf6+
47. Kg3 Ke7 48. Kh4 Kf7 49. Ra5 Re6 50. Kg5 Rb6 51. Ra7+ Kg8 52. h4 Rc6 53. h5
gxh5 54. Kxh5 Rb6 55. g5 Rb1 56. Kh6 Rb6+ 57. g6 Rb1 58. Ra8+ 1-0

[Event "Astor Piazzolla"]
[Site "http://www.queenalice.com/game.php?id=1263740"]
[Date "2014.3.10"]
[Round "3"]
[White "brunocalixto"]
[Black "UKopra"]
[Result "1-0"]
[WhiteElo "1793"]
[BlackElo "1824"]

1. e4 c5 2. d4 cxd4 3. c3 dxc3 4. Nxc3 Nc6 5. Nf3 d6 6. Bc4 e6 7. O-O Nf6 8. Qe2
Be7 9. b3 e5 10. h3 O-O 11. Bb2 a6 12. Ng5 h6 13. Nxf7 Rxf7 14. Bxf7+ Kxf7 15.
Rfd1 Be6 16. Rac1 Rc8 17. Qf3 Kg8 18. Nd5 Bxd5 19. exd5 Nb4 20. Qf5 Rxc1 21.
Rxc1 Nbxd5 22. Rc8 Qxc8 23. Qxc8+ Kf7 24. Qxb7 a5 25. Ba3 Ke6 26. g4 Nc3 27.
Qc8+ 1-0

[Event "Astor Piazzolla"]
[Site "http://www.queenalice.com/game.php?id=1276520"]
[Date "2014.4.26"]
[Round "4"]
[White "UKopra"]
[Black "MariusLola"]
[Result "0-1"]
[WhiteElo "1807"]
[BlackElo "1874"]

1. d4 d5 2. c4 e6 3. Nc3 c5 4. cxd5 exd5 5. Nf3 Nc6 6. g3 c4 7. Bg2 Nf6 8. O-O
Be7 9. Ne5 Nxe5 10. dxe5 Ng4 11. Bxd5 Nxe5 12. Bf4 Bf6 13. Bxe5 Bh3 14. Re1 Bxe5
15. Bxc4 O-O 16. Bd5 Rb8 17. Bg2 Qc8 18. Rc1 Rd8 19. Qc2 Be6 20. a4 a6 21. Qe4
Bxc3 22. Rxc3 Qd7 23. Rd3 Qe8 24. Rxd8 Qxd8 25. b4 g6 26. e3 Qd2 27. Qb1 b6 28.
Rd1 Qe2 29. Bf1 Qf3 30. Bxa6 Bd5 31. Kf1 Qh1+ 32. Ke2 Bf3+ 33. Kd2 Rd8+ 0-1

[Event "Hagel"]
[Site "http://www.queenalice.com/game.php?id=1282983"]
[Date "2014.5.20"]
[Round "1"]
[White "UKopra"]
[Black "rvdornel"]
[Result "0-1"]
[WhiteElo "1794"]
[BlackElo "2032"]

1. d4 d5 2. c4 dxc4 3. Nf3 Nf6 4. e3 b5 5. a4 Bd7 6. Nc3 c6 7. Ne5 e6 8. Nxd7
Qxd7 9. b3 b4 10. Na2 c3 11. Be2 a5 12. O-O Bd6 13. f3 c5 14. g3 O-O 15. e4 cxd4
16. Qxd4 Rc8 17. Kg2 Bc5 18. Qd3 Qxd3 19. Bxd3 e5 20. h3 Bd4 21. Bc2 Nfd7 22. f4
f6 23. Rf3 Nc6 24. Be3 Bxe3 25. Rxe3 exf4 26. gxf4 Rd8 27. Rd1 Nc5 28. Nc1 Nd4
29. Rxd4 Rxd4 30. Nd3 Nxd3 31. Bxd3 Rad8 32. Bc4+ Kf8 33. Bd5 c2 0-1

[Event "Gabriel_HD"]
[Site "http://www.queenalice.com/game.php?id=1285838"]
[Date "2014.6.3"]
[Round "5"]
[White "UKopra"]
[Black "Sigmund"]
[Result "0-1"]
[WhiteElo "1788"]
[BlackElo "1803"]

1. d4 d5 2. c4 e6 3. Nc3 Nf6 4. Bg5 Be7 5. e3 O-O 6. Nf3 c6 7. Bd3 Qa5 8. a3 Qd8
9. O-O h6 10. Bh4 dxc4 11. Bxc4 b5 12. Bd3 Ng4 13. Bxe7 Qxe7 14. h3 Nf6 15. e4
Nh7 16. e5 Ng5 17. Nxg5 Qxg5 18. f4 Qe7 19. Qg4 f5 20. Qh5 Bd7 21. g4 Be8 0-1

[Event "Challenge"]
[Site "http://www.queenalice.com/game.php?id=1286377"]
[Date "2014.6.6"]
[Round "-"]
[White "UKopra"]
[Black "PRZ"]
[Result "1-0"]
[WhiteElo "1773"]
[BlackElo "1390"]

1. d4 c5 2. d5 e6 3. e4 e5 4. f4 d6 5. Nf3 Nd7 6. Bb5 a6 7. Bxd7+ Qxd7 8. fxe5
dxe5 9. Nxe5 Qe7 10. Bf4 g5 11. Bg3 c4 12. O-O f5 13. exf5 Bxf5 14. Rxf5 Qc5+
15. Bf2 Qb5 16. Qh5+ Kd8 17. Rxf8+ Ke7 18. Qf7+ Kd6 19. Rxa8 Kxe5 20. Qe6+ Kf4
21. Rf8+ Nf6 22. Rxf6# 1-0

[Event "Fuego en tablero"]
[Site "http://www.queenalice.com/game.php?id=1287837"]
[Date "2014.6.12"]
[Round "4"]
[White "avian"]
[Black "UKopra"]
[Result "0-1"]
[WhiteElo "1956"]
[BlackElo "1775"]

1. d4 Nf6 2. c4 e6 3. Nc3 Bb4 4. Nf3 c5 5. dxc5 Bxc5 6. e4 Nc6 7. Bg5 h6 8. Bd2
O-O 9. Bd3 a6 10. a3 Nd4 11. Nxd4 Bxd4 12. O-O Rb8 13. h3 b6 14. Re1 Bb7 15. Rb1
Bc6 16. Qc2 e5 17. Ne2 Bc5 18. b4 Be7 19. Ng3 d6 20. Nf5 Bd7 21. Nxe7+ Qxe7 22.
Re3 Nh5 23. Be2 Nf4 24. Bf3 Qg5 25. Rc3 Bxh3 26. Bxf4 exf4 27. Kf1 Be6 28. Rd3
Rbc8 29. Rxd6 Bxc4+ 30. Ke1 Bf1 31. Qb2 Bxg2 32. Bxg2 Qxg2 33. Rxb6 Qxe4+ 34.
Kf1 Qh1+ 35. Ke2 Rfe8+ 36. Kd3 Qe4+ 37. Kd2 Red8+ 0-1

[Event "Challenge"]
[Site "http://www.queenalice.com/game.php?id=1290512"]
[Date "2014.6.26"]
[Round "-"]
[White "AAABBB"]
[Black "UKopra"]
[Result "1-0"]
[WhiteElo "2018"]
[BlackElo "1775"]

1. e3 c5 2. d4 cxd4 3. exd4 d5 4. Nf3 Nf6 5. Bd3 Bg4 6. c3 Nc6 7. Bf4 e6 8. Qb3
Qc8 9. Nbd2 Be7 10. h3 Bh5 11. O-O O-O 12. a4 Nd7 13. a5 Bg6 14. a6 b6 15. Bb5
Na5 16. Qa4 Nb8 17. Ne5 f6 18. Nxg6 hxg6 19. Rfc1 Rd8 20. c4 dxc4 21. Nxc4 Rxd4
22. Nxa5 Qxc1+ 23. Rxc1 Rxa4 24. Rc8+ Kf7 25. Be8+ Kg8 26. Bxa4+ Kh7 27. Nc6 e5
28. Nxe7 exf4 29. Be8 Kh6 30. Bxg6 Kg5 31. Rh8 f5 32. Rf8 b5 33. Rxf5+ Kh6 34.
Rh5# 1-0

[Event "Challenge"]
[Site "http://www.queenalice.com/game.php?id=1290513"]
[Date "2014.6.26"]
[Round "-"]
[White "UKopra"]
[Black "AAABBB"]
[Result "0-1"]
[WhiteElo "1775"]
[BlackElo "1876"]

1. d4 d5 2. c4 c6 3. Nf3 Nf6 4. Nc3 dxc4 5. a4 Be6 6. e4 Na6 7. Ne5 Nb4 8. Be3
Ng4 9. Nxg4 Bxg4 10. f3 Be6 11. Qd2 g6 12. Rd1 Bg7 13. d5 cxd5 14. exd5 Bf5 15.
Bxc4 Nc2+ 16. Kf2 O-O 17. g4 Rc8 18. Bxa7 Rxc4 19. gxf5 Bd4+ 20. Ke2 Bxa7 21.
Qxc2 Qb6 22. Rdf1 Qe3+ 23. Kd1 Rd4+ 0-1

[Event "Fuego en tablero"]
[Site "http://www.queenalice.com/game.php?id=1307668"]
[Date "2014.9.12"]
[Round "5"]
[White "UKopra"]
[Black "Patzer58"]
[Result "0-1"]
[WhiteElo "1798"]
[BlackElo "2334"]

1. d4 e6 2. c4 f5 3. Nc3 Nf6 4. Nf3 Bb4 5. Qb3 Qe7 6. Bg5 b6 7. g3 Nc6 8. Bg2
Bb7 9. O-O O-O 10. Ne5 Nxd4 11. Qc2 Nxc2 0-1

[Event "Challenge"]
[Site "http://www.queenalice.com/game.php?id=1311203"]
[Date "2014.9.28"]
[Round "-"]
[White "AAABBB"]
[Black "UKopra"]
[Result "1-0"]
[WhiteElo "2552"]
[BlackElo "1796"]

1. e4 c5 2. Nf3 d6 3. d4 cxd4 4. Nxd4 Nf6 5. Nc3 Nc6 6. Bb5 Bd7 7. O-O g6 8. Be3
Bg7 9. h3 O-O 10. Be2 Nxd4 11. Bxd4 Bc6 12. Qd3 Qa5 13. a3 Rac8 14. Rfd1 e5 15.
Be3 Rfd8 16. Bg5 Rd7 17. b4 Qd8 18. b5 h6 19. Bxf6 Qxf6 20. Bg4 h5 21. bxc6 Rdc7
22. Bxc8 Rxc8 23. cxb7 1-0

[Event "Challenge"]
[Site "http://www.queenalice.com/game.php?id=1311204"]
[Date "2014.9.28"]
[Round "-"]
[White "UKopra"]
[Black "AAABBB"]
[Result "0-1"]
[WhiteElo "1794"]
[BlackElo "2553"]

1. d4 Nf6 2. c4 e6 3. Nc3 Bb4 4. e3 O-O 5. Nf3 Bxc3+ 6. bxc3 b6 7. Bd3 Bb7 8.
O-O c5 9. Nd2 Nc6 10. Nb3 Qc7 11. e4 d6 12. f3 Ba6 13. Re1 cxd4 14. cxd4 Nb4 15.
Be3 d5 16. e5 Nxd3 17. Qxd3 dxc4 18. Qe2 Nd5 19. Rac1 Qb7 20. Na1 c3 21. Qf2 Bd3
22. Red1 Bg6 23. f4 Qc6 24. g4 f6 25. f5 exf5 26. gxf5 fxe5 27. dxe5 Rxf5 28.
Qg3 Raf8 29. Bd4 Nf4 30. Re1 Rg5 31. Rxc3 Nh3# 0-1

[Event "Challenge"]
[Site "http://www.queenalice.com/game.php?id=1365857"]
[Date "2015.6.16"]
[Round "-"]
[White "Excsiu"]
[Black "UKopra"]
[Result "0-1"]
[WhiteElo "1762"]
[BlackElo "1801"]

1. e4 c5 2. c4 Nc6 3. Nc3 Nf6 4. Nf3 d6 5. Be2 e5 6. d3 Be7 7. O-O O-O 8. Ng5 a6
9. Bh5 Nxh5 10. Qxh5 Bxg5 11. Bxg5 f6 12. Be3 Qe8 0-1

[Event "Challenge"]
[Site "http://www.queenalice.com/game.php?id=1368950"]
[Date "2015.7.1"]
[Round "-"]
[White "UKopra"]
[Black "JORAM2205"]
[Result "1-0"]
[WhiteElo "1785"]
[BlackElo "1776"]

1. d4 d5 2. c4 e6 3. Nc3 Nf6 4. Nf3 Nc6 5. Bg5 Bb4 6. e3 Qe7 7. Bd3 h6 8. Bh4 g5
9. Bg3 g4 10. Ne5 Nxe5 11. Bxe5 Rg8 12. Bxf6 Qxf6 13. Qa4+ Bd7 14. Qxb4 b6 15.
cxd5 e5 16. dxe5 Qxe5 17. Qe4 Qxe4 18. Bxe4 O-O-O 19. f3 Rg7 20. f4 Kb8 21. Bd3
Re8 22. e4 f5 23. e5 h5 24. e6 c6 25. Bxf5 cxd5 26. O-O-O Bc6 27. Nxd5 Bb5 28.
Rhe1 Bc6 29. Re5 g3 30. hxg3 Rxg3 31. Bh3 Kb7 32. Rxh5 Rg6 33. f5 Rf6 34. Nxf6
Rf8 35. Rh7+ Ka6 36. Nd7 Rg8 37. g4 Bf3 38. Rg1 Rc8+ 39. Kd2 Be4 40. Rc1 Re8 41.
Nf6 Rd8+ 42. Rd7 Rf8 43. Nxe4 Rh8 44. Rc3 b5 45. Nc5+ Ka5 46. Rxa7+ Kb6 47. Ra6+
Kc7 48. e7 Re8 49. f6 1-0